000 00702nam a2200253Ia 4500
003 OSt
005 20220918221239.0
006 a|||||r|||| 00| 0
007 ta
008 220917b |||||||| |||| 00| 0 eng d
024 _a148,944
037 _cTextual
040 _aARTS
_cARTS
_beng
041 _2eng
_aeng
082 _aT0bS1xM96, M1
100 _aSigel Irving E ed
_9139713
245 0 _aNew directions in piagetian theory and practice
260 _aHillsdale
_bLawrence Erlbaum Associates
_c1981
300 _axiii,377p.
_ccm.
500 _aIncludes bib
650 _aEDUCATION
942 _hT0bS1xM96, M1
_cTEXL
_2CC
999 _c271618
_d271618